01602cam a22003015a 45000010009000000050017000090080041000260200027000670200030000940400029001240820020001531000034001732450064002072500012002712600046002833000035003295000024003645040041003885050374004295200159008036500049009626500062010116510010010736530035010839420024011189990017011429520141011591830382820160825140657.0140915s2015 enka frb f001 0 eng d a0198722117 (paperback) a9780198722113 (paperback) aDLCbengcDLCdEG-ScBUE 04222a343.03bBAM1 aBamford, Colin,d1950-94048810aPrinciples of international financial law /cColin Bamford. a2nd ed. aOxford :bOxford University Press,c2015. axvii, 366 p. :bill. ;c25 cm. aIndex : p. 357-366. aIncludes bibliographical references. aIntroduction : The special position of financial law -- Money -- Payment -- Personal and property rights -- Intangibles as property -- The legal nature of the international bond market -- Fiduciary duties and how they arise -- Fiduciary duties in financial markets -- Credit support in financial markets -- Security interests -- The construction of financial contracts. aThis book provides a clear guide to the principles underlying common law financial transactions and the rules applied to them set in a practical context.  7aFinance 2BUEshxLaw and legislation.940489 7aInternational financexLaw and legislation.9366922BUEsh 2BUEsh bLLAAWWcJuly2016cAugust 2016  2ddce22k343.03 BAM c22049d22021 00102ddc40708BaccahaMAINbMAINc1STd2016-08-25ePurchaseg675.00h26080l0o343.03 BAMp000032953r2025-07-15 00:00:00v843.75yBB